000 01061pam a2200337 a 4500
999 _c1893
_d1893
001 2859664
003 OSt
005 20210701114101.0
008 850523s1986 nyua b 001 0 eng c
010 _a 85012787
020 _a0070579121
040 _aDNLM/DLC
_cDLC
_dDLC
050 1 0 _aRC683
_b.C317 1986
060 _aWG 141 C2647
082 0 0 _a616.1/20757
_219
245 0 0 _aCardiac imaging and image processing /
_cedited by Steve M. Collins, David J. Skorton.
260 _aNew York :
_bMcGraw-Hill Book Co.,
_cc1986.
300 _axii, 451 p. :
_bill. ;
_c25 cm.
504 _aIncludes bibliographies and index.
650 0 _aHeart
_xDiseases
_xDiagnosis.
650 0 _aImaging systems in medicine.
650 0 _aImage processing
_xDigital techniques.
650 2 _aComputers.
650 2 _aHeart
_xradiography.
650 2 _aHeart
_xradionuclide imaging.
650 2 _aHeart Diseases
_xdiagnosis.
700 1 _aCollins, Steve M.
700 1 _aSkorton, David J.
906 _a7
_bcbc
_corignew
_d1
_eocip
_f19
_gy-gencatlg
942 _2lcc
_cBK
_nSO